|
|
|
|
| LEADER |
01038nam a2200253 a 4500 |
| 001 |
011318722 |
| 008 |
110313s2000 enk 000 0 eng d |
| 020 |
|
|
|a 0200340780290 (pbk.)
|
| 020 |
|
|
|a 0658012045 (paperback)
|7 .95
|
| 020 |
|
|
|a 9780658012044 (paperback)
|
| 040 |
|
|
|a StDuBDS
|d Uk
|d BD-DhAAL
|
| 082 |
0 |
4 |
|a 100
|2 21
|
| 100 |
1 |
|
|a Oliver, Paul.
|
| 245 |
1 |
0 |
|a Philosophy /
|c Paul Oliver.
|
| 260 |
|
|
|a London :
|b Teach Yourself,
|c 2000.
|
| 300 |
|
|
|a vii, 101 p. ;
|c 20 cm.
|
| 490 |
0 |
|
|a Teach yourself 101 key ideas
|
| 504 |
|
|
|a Includes bibliographical references.
|
| 541 |
1 |
|
|e 00022008
|
| 650 |
|
0 |
|a Philosophy.
|
| 852 |
|
|
|a Ayesha Abed Library
|c General Shelf.
|
| 999 |
|
|
|c 10535
|d 10535
|
| 952 |
|
|
|0 0
|1 0
|2 ddc
|4 0
|6 100_OLI
|7 0
|9 14673
|a BRACUL
|b BRACUL
|c GEN
|d 2011-03-15
|e TRIM EDUCATION
|g 1250.00
|l 7
|m 50
|o 100 OLI
|p 3010022008
|r 2024-11-05
|s 2023-09-10
|t 1
|w 2011-03-15
|y BK
|
| 952 |
|
|
|0 0
|1 0
|2 ddc
|4 0
|6 100_OLI
|7 0
|9 14674
|a BRACUL
|b BRACUL
|c GEN
|d 2011-03-15
|e TRIM EDUCATION
|g 1250.00
|l 7
|m 46
|o 100 OLI
|p 3010022009
|r 2024-11-17
|s 2024-11-10
|t 2
|w 2011-03-15
|y BK
|